[Event "XVIII MIEDZYNARODOWY FESTIWAL SZACHOWY PERLA BALTYKU - TURNIEJ KOLOWY Z NORMA IM"]
[Site "LAZY"]
[Date "1899-12-30"]
[Round "6.1"]
[White "Szczepinski, Michal"]
[Black "Strebkovs, Andrejs"]
[Result "1-0"]
[WhiteTitle "m"]
[BlackTitle "IM"]
[WhiteElo "2337"]
[BlackElo "2283"]

1. e4 c6 2. d4 d5 3. exd5 cxd5 4. Bd3 Nc6 5. c3 Qc7 6. h3 e5 7. dxe5 Nxe5 8. Bb5+
Nc6 9. Nf3 Nf6 10. O-O Be7 11. Be3 O-O 12. Nbd2 Bf5 13. Nb3 Rad8 14. Nbd4 Bd7
15. Bd3 Rfe8 16. Rc1 Qb8 17. Bb1 Ne5 18. Nxe5 Qxe5 19. Nf3 Qb8 20. Re1 Bc8 21.
Bd4 Ne4 22. Bxe4 dxe4 23. Rxe4 Bf5 24. Re3 Bd6 25. Rxe8+ Rxe8 26. Bxa7 Qc7 27.
Be3 h6 28. Qd4 Be4 29. Nd2 Bc6 30. Nc4 Bf8 31. Bf4 Qc8 32. Ne5 Qe6 33. Nxc6 Qxc6
34. Be3 Re6 35. c4 Rd6 36. Qc3 Rg6 37. g3 Qf3 38. Bd4 Qf5 39. Kh2 Bd6 40. Re1
h5 41. c5 Bc7 42. h4 Rg4 43. Kg1 Qg6 44. Be5 Bxe5 45. Qxe5 Rxh4 46. Qb8+ Kh7 47.
Qxb7 Rg4 48. Qh1 h4 49. c6 Qc2 50. Qf3 hxg3 51. fxg3 Rg6 52. Qh1+ Rh6 53. Qe4+
Qxe4 54. Rxe4 Rxc6 55. Kf2 f5 56. Re2 Kg6 57. b4 Rb6 58. Rb2 Kf6 59. Ke3 Ke6 60.
b5 Kd7 61. Kf4 Rg6 62. Rb3 Kc7 63. b6+ Kb7 64. Kxf5 Rf6+ 65. Kg5 Rd6 66. g4 Rd4
67. Kf5 Ra4 68. a3 Rd4 69. g5 Rd6 70. a4 Rd5+ 71. Kg6 Ra5 72. Rb5 Rxa4 73. Kxg7
Rg4 74. g6 Rg1 75. Kf7 Rf1+ 76. Kg8 Rg1 77. g7 Rf1 78. Kh7 Rh1+ 79. Kg6 Rg1+ 80.
Rg5 1-0

[Event "XVIII MIEDZYNARODOWY FESTIWAL SZACHOWY PERLA BALTYKU - TURNIEJ KOLOWY Z NORMA IM"]
[Site "LAZY"]
[Date "1899-12-30"]
[Round "6.2"]
[White "Karpus, Michal"]
[Black "Sliwicka, Alicja"]
[Result "0-1"]
[WhiteTitle "FM"]
[BlackTitle "WIM"]
[WhiteElo "2185"]
[BlackElo "2257"]

1. e4 e5 2. Nf3 Nc6 3. Bb5 a6 4. Ba4 d6 5. c3 Bd7 6. d4 g6 7. O-O Bg7 8. d5 Nce7
9. Bxd7+ Qxd7 10. c4 h6 11. Nc3 f5 12. Ne1 Nf6 13. f3 O-O 14. Nd3 Rf7 15. c5 Raf8
16. b4 c6 17. dxc6 Nxc6 18. Bb2 d5 19. exd5 Nxd5 20. Nxd5 Qxd5 21. Qe2 Nd4 22.
Bxd4 Qxd4+ 23. Kh1 Rd8 24. Nf2 Qxb4 25. Rfc1 Rd2 26. Qe1 Qd4 27. Nd1 e4 28. Rab1
exf3 29. gxf3 Be5 0-1

[Event "XVIII MIEDZYNARODOWY FESTIWAL SZACHOWY PERLA BALTYKU - TURNIEJ KOLOWY Z NORMA IM"]
[Site "LAZY"]
[Date "1899-12-30"]
[Round "6.3"]
[White "Grzesik, Gracjan"]
[Black "Aarav, Dengla"]
[Result "1/2-1/2"]
[WhiteTitle "k"]
[BlackTitle "k"]
[WhiteElo "2218"]
[BlackElo "2109"]

1. c4 e6 2. Nc3 d5 3. d4 a6 4. cxd5 exd5 5. Nf3 h6 6. Bf4 Nf6 7. h3 Bd6 8. Bxd6
Qxd6 9. e3 Bf5 10. Bd3 Bxd3 11. Qxd3 Nbd7 12. O-O O-O 13. Rab1 a5 14. Rfc1 c6
15. Na4 Qb4 16. Qc2 Ne4 17. a3 Qd6 18. Nc5 Ndxc5 19. dxc5 Qc7 20. b4 axb4 21.
axb4 Ra3 22. Qb2 Rfa8 23. Ra1 Rxa1 24. Rxa1 Rxa1+ 25. Qxa1 b6 26. Qa8+ Kh7 27.
Nd4 bxc5 28. bxc5 Nxc5 29. Qxc6 Qxc6 30. Nxc6 Ne6 31. Kf1 g6 32. Ke2 Kg7 33. Kd3
1/2-1/2

[Event "XVIII MIEDZYNARODOWY FESTIWAL SZACHOWY PERLA BALTYKU - TURNIEJ KOLOWY Z NORMA IM"]
[Site "LAZY"]
[Date "1899-12-30"]
[Round "6.4"]
[White "Sriram, Jha"]
[Black "Strzemiecki, Zbigniew"]
[Result "1/2-1/2"]
[WhiteTitle "GM"]
[BlackTitle "IM"]
[WhiteElo "2361"]
[BlackElo "2351"]

1. d4 Nf6 2. c4 e6 3. Nf3 b6 4. g3 Ba6 5. Qa4 Bb7 6. Bg2 c5 7. O-O cxd4 8. Nxd4
Bxg2 9. Kxg2 Be7 10. Nc3 O-O 11. Rd1 Qc8 12. Bf4 Na6 13. f3 Nc5 14. Qc2 Na6 15.
Qa4 Nc5 16. Qc2 Na6 17. Qa4 Nc5 1/2-1/2

[Event "XVIII MIEDZYNARODOWY FESTIWAL SZACHOWY PERLA BALTYKU - TURNIEJ KOLOWY Z NORMA IM"]
[Site "LAZY"]
[Date "1899-12-30"]
[Round "6.5"]
[White "Nowak, Mikolaj"]
[Black "Gazik, Igor"]
[Result "1-0"]
[WhiteTitle "m"]
[BlackTitle "IM"]
[WhiteElo "2351"]
[BlackElo "2230"]

1. Nf3 Nf6 2. d4 g6 3. c4 Bg7 4. e3 O-O 5. Be2 d6 6. Nc3 Nbd7 7. O-O e5 8. Qc2
Re8 9. Rd1 e4 10. Nd2 Qe7 11. b4 Nf8 12. a4 Bf5 13. Ba3 Ne6 14. Qb3 Bg4 15. Nd5
Nxd5 16. Bxg4 Ndf4 17. Bxe6 Nxe6 18. c5 dxc5 19. bxc5 c6 20. Rab1 Rab8 21. Nc4
Nc7 22. Nd6 Red8 23. Qc2 Nd5 24. Nxe4 Kh8 25. Nd6 f5 26. Re1 Rf8 27. Qd3 h5 28.
a5 a6 29. Bc1 h4 30. h3 Kh7 31. Bd2 Bh6 32. Re2 Qg7 33. f3 Qe7 34. Rbe1 Qf6 35.
Kh1 Kh8 36. e4 Nf4 37. Bxf4 Bxf4 38. exf5 gxf5 39. Re7 Qg6 40. g4 hxg3 41. Kg2
Bxd6 42. cxd6 Qxd6 43. R1e6 Qd5 44. Qd2 f4 45. Re5 Qc4 46. d5 Rbd8 47. Re4 1-0

[Event "XVIII MIEDZYNARODOWY FESTIWAL SZACHOWY PERLA BALTYKU - TURNIEJ KOLOWY Z NORMA IM"]
[Site "LAZY"]
[Date "1899-12-30"]
[Round "7.1"]
[White "Gazik, Igor"]
[Black "Szczepinski, Michal"]
[Result "0-1"]
[WhiteTitle "IM"]
[BlackTitle "m"]
[WhiteElo "2230"]
[BlackElo "2337"]

1. e4 c6 2. d3 d5 3. Nd2 g6 4. g3 Bg7 5. Bg2 dxe4 6. dxe4 Nf6 7. Ngf3 O-O 8. O-O
Na6 9. Qe2 Nc5 10. Rd1 Qb6 11. Nc4 Qa6 12. e5 Ng4 13. h3 Be6 14. hxg4 Bxc4 15.
Qe3 Be2 16. Rd2 Bxf3 17. Bxf3 Ne6 18. Be2 Qb6 19. Qxb6 axb6 20. f4 Rfd8 21. Rxd8+
Rxd8 22. Be3 b5 23. a4 Ra8 24. Rd1 bxa4 25. Rd7 b5 26. f5 Bxe5 27. c3 Nf8 28.
Rxe7 Bxg3 29. Bf3 Rc8 30. Bc5 Bb8 31. Kg2 h5 32. Ba3 Kg7 0-1

[Event "XVIII MIEDZYNARODOWY FESTIWAL SZACHOWY PERLA BALTYKU - TURNIEJ KOLOWY Z NORMA IM"]
[Site "LAZY"]
[Date "1899-12-30"]
[Round "7.2"]
[White "Strzemiecki, Zbigniew"]
[Black "Nowak, Mikolaj"]
[Result "1-0"]
[WhiteTitle "IM"]
[BlackTitle "m"]
[WhiteElo "2351"]
[BlackElo "2351"]

1. e4 c5 2. Nc3 Nc6 3. Bc4 e6 4. f4 g6 5. Nf3 Bg7 6. f5 gxf5 7. exf5 d5 8. Bb3
c4 9. Ba4 e5 10. Qe2 Qd6 11. b3 Bxf5 12. Nb5 Qd7 13. Ba3 e4 14. Nfd4 Be5 15. Nxf5
Qxf5 16. bxc4 O-O-O 17. cxd5 Rxd5 18. Rb1 Nf6 19. Qc4 Bb8 20. Rf1 Qg5 21. Rxf6
Qxf6 22. Qxd5 Qh4+ 23. Kd1 Qg4+ 24. Kc1 e3 25. d4 Rd8 26. Qxf7 e2 27. Nxa7+ Bxa7
28. Qxb7# 1-0

[Event "XVIII MIEDZYNARODOWY FESTIWAL SZACHOWY PERLA BALTYKU - TURNIEJ KOLOWY Z NORMA IM"]
[Site "LAZY"]
[Date "1899-12-30"]
[Round "7.3"]
[White "Aarav, Dengla"]
[Black "Sriram, Jha"]
[Result "1/2-1/2"]
[WhiteTitle "k"]
[BlackTitle "GM"]
[WhiteElo "2109"]
[BlackElo "2361"]

1. e4 c5 2. Nf3 Nc6 3. Bb5 e6 4. Bxc6 bxc6 5. d3 Qc7 6. e5 f6 7. Bf4 Ne7 8. Qe2
Ng6 9. Bg3 Qb6 10. c3 f5 11. h4 Rb8 12. h5 Ne7 13. Na3 Ba6 14. Rb1 Nd5 15. Nd2
Qa5 16. Nb3 Qa4 17. c4 Nb4 18. Nc1 Nxa2 19. Nxa2 Qxa3 20. bxa3 Rxb1+ 21. Qd1 Rxd1+
22. Kxd1 d5 23. exd6 Kd7 24. Be5 Rg8 25. Nc3 Bxd6 26. f4 h6 27. Ne2 Bc8 28. Rh3
g5 29. hxg6 Rxg6 30. g3 Kc7 31. Kd2 Bd7 32. d4 cxd4 33. c5 Bxe5 34. fxe5 Bc8 35.
Nf4 Rg4 36. Kd3 h5 37. Kxd4 h4 38. Rxh4 Rxg3 39. Rh7+ Kb8 40. Rh8 Kc7 41. Rh7+
Kb8 42. Rh8 Kc7 1/2-1/2

[Event "XVIII MIEDZYNARODOWY FESTIWAL SZACHOWY PERLA BALTYKU - TURNIEJ KOLOWY Z NORMA IM"]
[Site "LAZY"]
[Date "1899-12-30"]
[Round "7.4"]
[White "Sliwicka, Alicja"]
[Black "Grzesik, Gracjan"]
[Result "1-0"]
[WhiteTitle "WIM"]
[BlackTitle "k"]
[WhiteElo "2257"]
[BlackElo "2218"]

1. e4 c5 2. Nf3 d6 3. d4 cxd4 4. Nxd4 Nf6 5. Nc3 Nc6 6. Bg5 Qb6 7. Nb3 e6 8. Bf4
Ne5 9. Be3 Qc7 10. f4 Nc6 11. Qf3 a6 12. O-O-O b5 13. Kb1 Be7 14. g4 Bb7 15. g5
Nd7 16. Qf2 Rc8 17. Bg2 Na5 18. Nxa5 Qxa5 19. f5 Ne5 20. Bb6 Qb4 21. a3 Qc4 22.
h4 Qc6 23. Bd4 a5 24. Na2 b4 25. Rh3 exf5 26. axb4 axb4 27. Nxb4 Qa4 28. Nd5 Bxd5
29. Ra3 Qb4 30. exd5 O-O 31. Rb3 Qa4 32. Ra3 Qb4 33. Qe1 Qb5 34. Rb3 Qc4 35. Rc3
Qa6 36. Bf1 Qb7 37. Bxe5 dxe5 38. d6 Bd8 39. Rxc8 Qxc8 40. Qxe5 f6 41. Qd5+ Kh8
42. d7 Qb8 43. Re1 Bc7 44. Bb5 Be5 45. gxf6 gxf6 46. Rd1 Rd8 47. c3 Qb6 48. Re1
Qb8 49. h5 h6 50. Rg1 Qa7 51. Qg2 1-0

[Event "XVIII MIEDZYNARODOWY FESTIWAL SZACHOWY PERLA BALTYKU - TURNIEJ KOLOWY Z NORMA IM"]
[Site "LAZY"]
[Date "1899-12-30"]
[Round "7.5"]
[White "Strebkovs, Andrejs"]
[Black "Karpus, Michal"]
[Result "1/2-1/2"]
[WhiteTitle "IM"]
[BlackTitle "FM"]
[WhiteElo "2283"]
[BlackElo "2185"]

1. d4 Nf6 2. Nf3 g6 3. c4 Bg7 4. Nc3 d5 5. Bg5 Ne4 6. cxd5 Nxg5 7. Nxg5 e6 8. Nf3
exd5 9. e3 O-O 10. Be2 c6 11. O-O a5 12. a3 Qd6 13. Rb1 Bf5 14. Bd3 Bxd3 15. Qxd3
Nd7 16. Rfc1 Nb6 17. e4 dxe4 18. Nxe4 Qe7 19. Re1 Nd5 20. Qb3 Qc7 21. Rbc1 Rad8
22. Nc5 Nb6 23. Qc3 Nd5 24. Qb3 Nb6 25. Qc3 Nd5 26. Qb3 Nb6 27. Qc3 1/2-1/2

[Event "XVIII MIEDZYNARODOWY FESTIWAL SZACHOWY PERLA BALTYKU - TURNIEJ KOLOWY Z NORMA IM"]
[Site "LAZY"]
[Date "1899-12-30"]
[Round "8.1"]
[White "Szczepinski, Michal"]
[Black "Karpus, Michal"]
[Result "1/2-1/2"]
[WhiteTitle "m"]
[BlackTitle "FM"]
[WhiteElo "2337"]
[BlackElo "2185"]

1. e4 e5 2. Nf3 Nc6 3. Bc4 Bc5 4. d3 Nf6 5. c3 d6 6. Nbd2 a6 7. Bb3 Ba7 8. h3 h6
9. Nf1 O-O 10. g4 d5 11. Qe2 Qd6 12. Ng3 Be6 13. Bc2 Nh7 14. Nf5 Bxf5 15. gxf5
Rad8 16. Rg1 Kh8 17. exd5 Qxd5 18. Be3 Rfe8 19. Bb3 Qd7 20. Nh4 Nf6 21. Bxa7 Nxa7
22. O-O-O Nc6 23. Rg3 b5 24. Rdg1 Rg8 25. Qf3 a5 26. Bxf7 Qxf7 27. Qxc6 e4 28.
Ng6+ Kh7 29. Ne5 Qxa2 30. d4 b4 31. Ng4 Qa1+ 32. Kc2 b3+ 33. Kxb3 Rb8+ 34. Kc4
Qa2+ 35. Kc5 Nxg4 36. Rxg4 Qxb2 37. Rxg7+ Rxg7 38. Rxg7+ Kxg7 39. Qg6+ Kf8 40.
Qf6+ Ke8 41. Qe6+ Kd8 42. Qg8+ Ke7 43. Qe6+ Kd8 1/2-1/2

[Event "XVIII MIEDZYNARODOWY FESTIWAL SZACHOWY PERLA BALTYKU - TURNIEJ KOLOWY Z NORMA IM"]
[Site "LAZY"]
[Date "1899-12-30"]
[Round "8.2"]
[White "Grzesik, Gracjan"]
[Black "Strebkovs, Andrejs"]
[Result "1-0"]
[WhiteTitle "k"]
[BlackTitle "IM"]
[WhiteElo "2218"]
[BlackElo "2283"]

1. c4 e6 2. Nc3 d5 3. d4 Be7 4. Nf3 Nf6 5. Bg5 h6 6. Bh4 O-O 7. e3 Ne4 8. Bxe7
Qxe7 9. cxd5 Nxc3 10. bxc3 exd5 11. Bd3 Nd7 12. O-O Rd8 13. Re1 Nf8 14. h3 c6
15. Rb1 Be6 16. Ne5 f6 17. Nf3 Qf7 18. Qb3 Rd7 19. Nd2 Re8 20. f4 Qh5 21. Kf2
Qh4+ 22. g3 Qh5 23. Nf3 Bxh3 24. Rh1 Qg4 25. e4 Ne6 26. Rbe1 Nxf4 27. gxf4 Bg2
28. Nh2 Qxf4+ 29. Kxg2 Qd2+ 30. Be2 Rxe4 31. Qd1 Qxa2 32. Rhf1 Rde7 33. Rf2 Qa3
34. Qd2 Qd6 35. Rg1 Re3 36. Kf1 Kh8 37. Ng4 Rh3 38. Rfg2 Re4 39. Nf2 Qf4 40. Qxf4
Rxf4 41. Rxg7 h5 42. Ke1 Re3 43. Rg8+ Kh7 44. R1g7+ Kh6 45. Kd2 Re8 46. Rxe8 Kxg7
47. Ke3 Rf5 48. Re7+ Kg8 49. Rxb7 h4 50. Nh3 a5 51. Rc7 1-0

[Event "XVIII MIEDZYNARODOWY FESTIWAL SZACHOWY PERLA BALTYKU - TURNIEJ KOLOWY Z NORMA IM"]
[Site "LAZY"]
[Date "1899-12-30"]
[Round "8.3"]
[White "Sriram, Jha"]
[Black "Sliwicka, Alicja"]
[Result "1-0"]
[WhiteTitle "GM"]
[BlackTitle "WIM"]
[WhiteElo "2361"]
[BlackElo "2257"]

1. d4 Nf6 2. Nf3 g6 3. g3 Bg7 4. Bg2 O-O 5. O-O d6 6. c4 Ne4 7. Qc2 f5 8. Nbd2
Nxd2 9. Bxd2 e5 10. dxe5 dxe5 11. Bb4 Re8 12. Rad1 Qf6 13. Bc3 Qf8 14. b4 e4 15.
Bxg7 Qxg7 16. Nd4 Nd7 17. f3 exf3 18. exf3 Nf6 19. Rfe1 Bd7 20. f4 Ng4 21. Qd2
Ba4 22. Ne6 Qf6 23. Rc1 Kh8 24. Bxb7 Rab8 25. Nc5 Rbd8 26. Bd5 Qb6 27. Kg2 Qf6
28. Nxa4 Rxe1 29. Qxe1 Qd4 30. Qc3 Qxc3 31. Nxc3 c6 32. Bxc6 Rd2+ 33. Kg1 Nf2
34. Bg2 1-0

[Event "XVIII MIEDZYNARODOWY FESTIWAL SZACHOWY PERLA BALTYKU - TURNIEJ KOLOWY Z NORMA IM"]
[Site "LAZY"]
[Date "1899-12-30"]
[Round "8.4"]
[White "Nowak, Mikolaj"]
[Black "Aarav, Dengla"]
[Result "1-0"]
[WhiteTitle "m"]
[BlackTitle "k"]
[WhiteElo "2351"]
[BlackElo "2109"]

1. Nf3 d5 2. g3 Nf6 3. Bg2 Bf5 4. O-O h6 5. c4 c6 6. b3 e6 7. Bb2 Nbd7 8. d3 Be7
9. Nbd2 O-O 10. Qc2 Qc7 11. Rad1 Bh7 12. Rfe1 Bd6 13. e4 dxe4 14. Nxe4 Be7 15.
Nc3 a6 16. Qe2 c5 17. d4 Rfe8 18. d5 exd5 19. Nxd5 Nxd5 20. Rxd5 Kf8 21. Ne5 Nb6
22. Rd2 Bd6 23. f4 f6 24. Red1 Rad8 25. Qf2 Be7 26. Ng4 Rxd2 27. Rxd2 Bf5 28.
Ne3 Bd7 29. Bc3 Bd8 30. Ba5 Qc8 31. Bf3 Bc6 32. Bh5 Re4 33. Bg4 Nd7 34. Bc3 b5
35. Bf5 b4 36. Bb2 Re7 37. Nd5 Bxd5 38. Rxd5 Bb6 39. Qd2 Ke8 40. g4 Qc7 41. Kf2
Ba7 42. Kf3 Bb8 43. h4 Qc6 44. Kf2 Qc7 45. Bxd7+ Rxd7 46. Rxd7 Qxd7 47. Qxd7+
Kxd7 48. Kf3 h5 49. gxh5 Ke6 50. Kg4 a5 51. f5+ Ke7 52. h6 gxh6 53. Bc1 Be5 54.
Bxh6 1-0

[Event "XVIII MIEDZYNARODOWY FESTIWAL SZACHOWY PERLA BALTYKU - TURNIEJ KOLOWY Z NORMA IM"]
[Site "LAZY"]
[Date "1899-12-30"]
[Round "9.1"]
[White "Strzemiecki, Zbigniew"]
[Black "Szczepinski, Michal"]
[Result "1-0"]
[WhiteTitle "IM"]
[BlackTitle "m"]
[WhiteElo "2351"]
[BlackElo "2337"]

1. e4 c6 2. d4 d5 3. f3 e6 4. Nc3 Qb6 5. Nge2 Nd7 6. Qd3 Ne7 7. Be3 g6 8. O-O-O
Bg7 9. h4 Qa5 10. Kb1 b5 11. Nc1 Qc7 12. exd5 exd5 13. Qd2 Nb6 14. Bf4 Qb7 15.
Nb3 Be6 16. Nc5 Qc8 17. g4 Nd7 18. Nxe6 fxe6 19. Re1 Nf8 20. h5 Rg8 21. Bd6 Qd7
22. Bc5 gxh5 23. Rxh5 O-O-O 24. a4 a6 25. Na2 Qc7 26. Nb4 Kb7 27. Nd3 Neg6 28.
f4 Nd7 29. Rxh7 Nf6 30. Rh3 Ne4 31. Qb4 a5 32. Qa3 b4 33. Nxb4 Nxc5 34. Nxc6 Qxc6
35. dxc5 Rc8 36. Rb3+ Ka7 37. Rb5 Qc7 38. Rxe6 Bf8 39. Qd3 Bxc5 40. Ra6+ Kxa6
41. Rb3+ Ka7 42. Qa6# 1-0

[Event "XVIII MIEDZYNARODOWY FESTIWAL SZACHOWY PERLA BALTYKU - TURNIEJ KOLOWY Z NORMA IM"]
[Site "LAZY"]
[Date "1899-12-30"]
[Round "9.2"]
[White "Aarav, Dengla"]
[Black "Gazik, Igor"]
[Result "1/2-1/2"]
[WhiteTitle "k"]
[BlackTitle "IM"]
[WhiteElo "2109"]
[BlackElo "2230"]

1. e4 Nf6 2. e5 Nd5 3. d4 Nb6 4. a4 d5 5. a5 N6d7 6. e6 fxe6 7. Bd3 g6 8. h4 Nf6
9. Nf3 Bg7 10. Ne5 Nc6 11. Bb5 O-O 12. Bxc6 bxc6 13. Nd2 Qd6 14. Nd3 Ne4 15. c3
Ba6 16. Nxe4 dxe4 17. Nc5 Bb5 18. Be3 e5 19. dxe5 Bxe5 20. h5 Bf4 21. Qd4 Qxd4
22. Bxd4 e5 23. Be3 Bxe3 24. fxe3 Bd3 25. a6 Rae8 26. O-O-O Rf2 27. Rd2 Ref8 28.
hxg6 hxg6 29. Rhd1 Rxd2 30. Rxd2 Rf1+ 31. Rd1 Kf7 32. b4 Rxd1+ 33. Kxd1 Kf6 34.
Ke1 Ke7 35. Kd2 Bb1 36. c4 Kf6 37. Kc3 Kf5 38. Nd7 Ke6 39. Nf8+ Kf7 40. Nd7 Ke6
41. Nc5+ Ke7 42. Kd2 Kf6 43. Nd7+ Ke6 44. Nc5+ Ke7 45. Kc3 Kf6 46. Kd2 Ke7 1/2-1/2

[Event "XVIII MIEDZYNARODOWY FESTIWAL SZACHOWY PERLA BALTYKU - TURNIEJ KOLOWY Z NORMA IM"]
[Site "LAZY"]
[Date "1899-12-30"]
[Round "9.3"]
[White "Sliwicka, Alicja"]
[Black "Nowak, Mikolaj"]
[Result "0-1"]
[WhiteTitle "WIM"]
[BlackTitle "m"]
[WhiteElo "2257"]
[BlackElo "2351"]

1. e4 d5 2. exd5 Qxd5 3. Nf3 Bg4 4. Be2 Nc6 5. d4 O-O-O 6. c4 Qf5 7. Be3 Bxf3 8.
Bxf3 Nxd4 9. Bxd4 Qe6+ 10. Be2 c5 11. Qa4 cxd4 12. Qxa7 d3 13. Nc3 Qa6 14. Qc5+
Qc6 15. Qxc6+ bxc6 16. Bf3 Kc7 17. O-O-O Nf6 18. Rhe1 g6 19. Kb1 e6 20. Re3 Bc5
21. Rexd3 Rxd3 22. Rxd3 Bxf2 23. b4 Nd7 24. Be2 f5 25. Kc2 e5 26. c5 Bd4 27. Bd1
Ra8 28. a3 Bxc3 29. Rxc3 e4 30. Kd2 Nf6 31. Be2 Rd8+ 32. Ke1 f4 33. a4 g5 34.
h3 Rd4 35. Rc4 Rxc4 36. Bxc4 Nd5 37. b5 Ne3 38. b6+ Kb7 39. Be6 Nxg2+ 40. Kf2
Ne3 41. a5 Nc2 42. a6+ Ka8 43. Bd7 Nd4 44. Be8 e3+ 45. Kg2 Kb8 46. a7+ Ka8 47.
Bd7 h5 48. Be8 g4 49. hxg4 hxg4 50. Bh5 f3+ 51. Kf1 e2+ 52. Kf2 g3+ 0-1

[Event "XVIII MIEDZYNARODOWY FESTIWAL SZACHOWY PERLA BALTYKU - TURNIEJ KOLOWY Z NORMA IM"]
[Site "LAZY"]
[Date "1899-12-30"]
[Round "9.5"]
[White "Karpus, Michal"]
[Black "Grzesik, Gracjan"]
[Result "0-1"]
[WhiteTitle "FM"]
[BlackTitle "k"]
[WhiteElo "2185"]
[BlackElo "2218"]

1. e4 c5 2. Nf3 d6 3. d4 cxd4 4. Nxd4 Nf6 5. Nc3 a6 6. Be3 e5 7. Nb3 Be6 8. h3
Be7 9. f4 exf4 10. Bxf4 Nc6 11. Qe2 Ne5 12. O-O-O Qc7 13. g4 O-O 14. Nd4 Rfe8
15. Kb1 Rac8 16. Bg2 Bf8 17. g5 Nfd7 18. Nxe6 fxe6 19. h4 Nc4 20. Rh3 b5 21. e5
Ndxe5 22. Re1 b4 23. Nd1 g6 24. h5 Bg7 25. hxg6 hxg6 26. Be4 Qc5 27. Reh1 Qd4
28. Bc1 d5 29. Bxg6 Nxg6 30. Qh5 Nf8 31. Rf1 Re7 32. Rf6 Qe4 33. Rf2 Rec7 34.
Ne3 Nxe3 35. Bxe3 Qe5 36. Bc1 Qe4 37. Rhh2 d4 38. g6 d3 39. Rxf8+ Kxf8 40. Rf2+
Ke8 41. Qh7 Rxc2 42. Qg8+ Kd7 43. Qxg7+ Kd6 44. Rxc2 dxc2+ 45. Ka1 Qe3 0-1